000 00360 a2200157 4500
001 58718
020 _a853244823
040 _cAnchieta - Pituba
100 _aRodrigue, Joelza Ester Domingues
240 1 0 _aHistória em documento
_lpor
245 1 0 _aHistória em documento
300 _a287
362 0 _a2002
650 4 _aHistória do mundo
942 _cBK
999 _c58718
_d58718